| 000 | 00672nam a2200229 a 4500 | ||
|---|---|---|---|
| 999 |
_c12099 _d12099 |
||
| 001 | 12099 | ||
| 003 | BD-JhCC | ||
| 005 | 20210315084852.0 | ||
| 008 | 210315b19992020bg |||| ||a| 000 0 ben d | ||
| 020 | _a9789840424245 | ||
| 035 | _a(BD-JhCC)12099 | ||
| 040 |
_aBD-JhCC _dBD-JhCC |
||
| 041 | _aBengali | ||
| 082 |
_a891.443 _bHYE 2020 |
||
| 100 | _aহাই, হাসনাত আবদুল | ||
| 245 |
_aসাতজন / _cহাসনাত আবদুল হাই । |
||
| 260 |
_aঢাকা: _bআগামী প্রকাশনী; _c২০২০. |
||
| 300 |
_a160 p. : _c22 cm. |
||
| 650 | _aBengali Novel | ||
| 942 |
_2ddc _cBK |
||